MESTSKÁ KNIŽNICA GIRALTOVCE  - online katalóg 

La foret de Compiegne (Record no. 18330)

000 -NÁVESTIE
fixed length control field 00282nam a2200109 a 4500
008 - ÚDAJE S PEVNOU DĹŽKOU – VŠEOBECNÉ INFORMÁCIE
fixed length control field 111125s1973|||| d
020 ## - MEDZINÁRODNÉ ŠTANDARDNÉ ČÍSLO KNIHY (ISBN)
Údaje o dostupnosti 100
044 ## - KÓD KRAJINY VYDAVATEĽA/PRODUCENTA
Kód krajiny MARC xo
Kód krajiny ISO SK
100 1# - OSOBNÉ MENÁ – VŠEOBECNÉ INFORMÁCIE
Osobné meno Malsy, Jean-Claude
245 10 - NÁZOV
Názov La foret de Compiegne
260 ## - VYDAVATEĽSKÉ ÚDAJE, DISTRIBÚCIA ATĎ.
Názov vydavateľa, distibútora atď. Nouvelles Editions Latines
Miesto publikovania, distribúcie atď. Paríž
Dátum publikovania, distribúcie atď. 1973
Holdings
Stav stiahnutia (Blokovanie) (Withrawn status) Stav straty Stav poškodenia (Damaged status) Nie pre výpožičky (Not for loan) Spôsob nadobudnutia (Collection code) Trvalé umiestnenie Aktuálne umiestnenie Dátum nadobudnutia Náklady, bežná kúpna cena Inventárne číslo (prírastkové číslo) Full call number Dátum posledného výskytu Cena s účinnosťou od Typ jednotky Koha
Vyradený       Kúpa Mestská knižnica Giraltovce Mestská knižnica Giraltovce 2019-11-29 100.00 18 369 I 1568 2019-11-29 2019-11-29 Odborná literatúra pre dospelých

Powered by Koha